00916nam a22002657a 4500003000900000005001700009007000300026008004500029020001500074020001900089040003000108082002800138100003000166245011100196250001800307264005100325300004700376336002700423337003500450338003000485490003800515650004400553650002600597650002700623DO-SdBPM20251013092319.0ta171110b2011 mx a ||||| |||| 00| 0 spa d a1575544458 a 9781575544458 aDO-SdBPMbspacBPMSUerda 4a155.4136bZ12o 20112221 aZabala, Fernando eautor 10a¡Oye! tengo algo que decirte! :bcómo establecer puentes de diálogo con los hijos /cFernando Zabala. a3a. edición aMéxico, D.F. : bGEMA Editores ; APIA,c2011 a187 páginas : bil., retrato ;c25 cm.  atextobtxt2rdacontent asin mediación bn2rdamedia  avolumen bnc2rdacarrier 0 aDimensiones de la salud., Social. 7aComunicaciónxAspectos psicológicos 7aPsicología infantil 7a Relaciones de familia